000 00602cam a22002053a 4500
001 38941
003 PGUSA
005 20140828083847.0
008 120221s2012||||xxu|||||s|||||000 | eng d
040 _aPGUSA
_beng
042 _adc
100 1 _aDrake, Samuel Adams,
_d1833-1905
245 1 0 _aNooks and Corners of the New England Coast
_h[electronic resource] /
_cSamuel Adams Drake
260 _bProject Gutenberg,
_c2012
506 _aPublic domain in the USA.
516 _aElectronic text
830 0 _aProject Gutenberg
_v38941
856 4 0 _uhttp://www.gutenberg.org/ebooks/38941
942 _cEB
999 _c268194
_d268194